Loading...
Literature - American Literature | 0 | 2 | 0 | 0 | 20 | 81 | 108.50 | 0 | 1 |
Literature - European Literature | 0 | 2 | 0 | 0 | 20 | 128 | 138.00 | 0 | 1 |
Philosophy | 0 | 2 | 1 | 1 | 15 | 130 | 131.00 | 0 | 0 |
History - World History | 0 | 2 | 1 | 2 | 15 | 132 | 133.00 | 0 | 0 |
Pop Culture | 0 | 1 | 0 | 0 | 10 | 17 | 17.00 | 1 | 1 |
Religion | 0 | 1 | 0 | 1 | 10 | 118 | 118.00 | 0 | 0 |
Other Academic | 0 | 1 | 0 | 0 | 10 | 113 | 113.00 | 0 | 0 |
Social Science | 0 | 1 | 1 | 0 | 5 | 100 | 100.00 | 0 | 0 |
Current Events | 0 | 0 | 0 | 0 | 0 | 0.00 | 0 | 0 | |
History - European History | 0 | 0 | 0 | 0 | 0 | 0.00 | 0 | 0 | |
Science - Other Science | 0 | 0 | 0 | 0 | 0 | 0.00 | 0 | 0 | |
Literature - British Literature | 0 | 0 | 1 | 0 | -5 | 0.00 | 0 | 0 | |
History - Other History | 0 | 0 | 1 | 0 | -5 | 0.00 | 0 | 0 | |
Literature - World Literature | 0 | 0 | 1 | 0 | -5 | 0.00 | 0 | 0 |